000 00512nam a2200205Ia 4500
005 20240823020523.0
008 240823s9999||||xx |||||||||||||| ||und||
020 _a0-07-054088-8
041 _aENGLISH
082 _A658.15 P5
100 _aGrinblatt Mark
245 0 _aFinancial Markets and Corporate Strategy
250 _a2nd
260 _c2005
_b"Tata Mcgraw Hill,New "
500 _aYES
650 _aCorporate
_bManagement Studies
700 _a Titman Sheridann
942 _cBK
999 _c174943
_d174943